[Event "WchT Seniors 65"]
[Site "Krakow"]
[Date "2024.07.11"]
[Round "9.3"]
[White "Van Herck, Marcel"]
[Black "Pietrzak, Janusz"]
[Result "1-0"]
[WhiteElo "1942"]
[BlackElo "1919"]
[PlyCount "101"]
[EventDate "2024.07.02"]
[EventType "team-swiss"]
[EventRounds "9"]
[EventCountry "POL"]
[SourceTitle "CBM 221 Extra"]
[Source "ChessBase"]
[SourceDate "2024.09.30"]
[SourceVersion "1"]
[SourceVersionDate "2024.09.30"]
[SourceQuality "1"]
[WhiteTeam "Belgium 65"]
[BlackTeam "Poland Zaglebie 65"]
[WhiteTeamCountry "BEL"]
[BlackTeamCountry "POL"]

1. e4 c5 2. Nf3 d6 3. d4 cxd4 4. Nxd4 Nf6 5. Nc3 a6 6. Bg5 e6 7. Qe2 Be7 8. 0-0-0 Nbd7 9. f4 h6 10. Bh4 0-0 11. g4 Nh7 12. Bxe7 Qxe7 13. h4 Qf6 14. Qh2 g6 15. g5 Qg7 16. Nf3 b5 17. Rxd6 Nc5 18. Qf2 Na4 19. Nxa4 bxa4 20. Qd4 Qxd4 21. Rxd4 Bb7 22. Bc4 Rfd8 23. Rhd1 Rxd4 24. Rxd4 hxg5 25. hxg5 Nf8 26. Ne5 Kg7 27. Ng4 Rc8 28. a3 Rc5 29. Bd3 Bc6 30. Bxa6 Nd7 31. e5 Kf8 32. Rc4 Ke7 33. Rxc5 Nxc5 34. Bd3 Kd7 35. Kd2 Kc7 36. Kc3 Kb6 37. Kb4 Be8 38. Ne3 Nb7 39. Nc4+ Kc7 40. Be4 Nd8 41. Kc5 Bd7 42. Nd6 Bc6 43. Bxc6 Nxc6 44. c4 Na5 45. Kb5 Nb3 46. Kxa4 Nc5+ 47. Kb5 Nd3 48. b4 Nxf4 49. Nxf7 Ne2 50. Kc5 Nc1 51. Kd4 1-0

[Event "WchT Seniors 65"]
[Site "Krakow"]
[Date "2024.07.04"]
[Round "3.3"]
[White "Ungure, Liga"]
[Black "Pietrzak, Janusz"]
[Result "1/2-1/2"]
[WhiteElo "1935"]
[BlackElo "1919"]
[PlyCount "36"]
[EventDate "2024.07.02"]
[EventType "team-swiss"]
[EventRounds "9"]
[EventCountry "POL"]
[SourceTitle "CBM 221 Extra"]
[Source "ChessBase"]
[SourceDate "2024.09.30"]
[SourceVersion "1"]
[SourceVersionDate "2024.09.30"]
[SourceQuality "1"]
[WhiteTeam "Latvia 65 (W)"]
[BlackTeam "Poland Zaglebie 65"]
[WhiteTeamCountry "LAT"]
[BlackTeamCountry "POL"]

1. e4 c5 2. Nf3 d6 3. Bb5+ Bd7 4. Bxd7+ Qxd7 5. c4 Nc6 6. d4 cxd4 7. Nxd4 g6 8. Be3 Bg7 9. f3 Nf6 10. Nc3 0-0 11. 0-0 Rac8 12. b3 Nxd4 13. Bxd4 Nh5 14. Bxg7 Nxg7 15. Nd5 f5 16. e5 Kh8 17. exd6 Qxd6 18. Re1 e6 1/2-1/2

[Event "EU-chT Seniors 65"]
[Site "Swidnica"]
[Date "2023.07.20"]
[Round "9.9"]
[White "Huchla, Andrzej"]
[Black "Pietrzak, Janusz"]
[Result "0-1"]
[WhiteElo "1365"]
[BlackElo "1887"]
[PlyCount "104"]
[EventDate "2023.07.12"]
[EventType "team-swiss"]
[EventRounds "9"]
[EventCountry "POL"]
[SourceTitle "CBM 215 Extra"]
[Source "ChessBase"]
[SourceDate "2023.09.30"]
[SourceVersion "1"]
[SourceVersionDate "2023.09.30"]
[SourceQuality "1"]
[WhiteTeam "Lower Silesia 65 II"]
[BlackTeam "Warsaw 65"]
[WhiteTeamCountry "POL"]
[BlackTeamCountry "POL"]

1. e4 c5 2. d3 Nc6 3. Nc3 e6 4. f4 d5 5. e5 Nge7 6. Nf3 Nf5 7. Be2 b6 8. 0-0 Bb7 9. b3 Be7 10. Nb5 a6 11. Na3 c4 12. g4 Bc5+ 13. Kh1 Ne3 14. Bxe3 Bxe3 15. dxc4 Qe7 16. cxd5 exd5 17. Qxd5 Qxa3 18. Qe4 Bd2 19. Rad1 0-0-0 20. Kg2 Nd4 21. Qd3 Nxe2 22. Qxe2 Bxf4 23. Qc4+ Qc5 24. Rxd8+ Rxd8 25. Qxf4 Qxc2+ 26. Rf2 Qc7 27. Kg3 h6 28. Qf5+ Kb8 29. Rc2 Qe7 30. Kf4 g6 31. Qf6 g5+ 32. Kg3 Qxf6 33. exf6 Rd3 34. Rf2 Kc7 35. h3 Kd6 36. Rd2 Rxd2 37. Nxd2 Bd5 38. Nf1 Ke5 39. Ne3 Be6 40. Nd1 Kxf6 41. Kf3 Ke5 42. Ne3 Kd4 43. Ke2 Kc3 44. Nd1+ Kc2 45. Ke1 a5 46. Ke2 b5 47. Ke1 Bd7 48. Ke2 Kc1 49. Ke1 b4 50. Ne3 Kb1 51. Nc4 Kxa2 52. Nxa5 f5 0-1

[Event "Katowice POL-HUN 5th"]
[Site "Katowice"]
[Date "2017.05.21"]
[Round "8"]
[White "Goreczny, Tomasz"]
[Black "Pietrzak, Janusz"]
[Result "1/2-1/2"]
[WhiteElo "1705"]
[BlackElo "2043"]
[PlyCount "47"]
[EventDate "2017.05.20"]
[EventType "swiss (rapid)"]
[EventRounds "9"]
[EventCountry "POL"]
[SourceTitle "CBM 178 Extra"]
[Source "ChessBase"]
[SourceDate "2017.06.22"]
[SourceVersion "1"]
[SourceVersionDate "2017.06.22"]
[SourceQuality "1"]

1. e4 c5 2. Nc3 d6 3. g3 Nc6 4. Bg2 Nf6 5. d3 e5 6. Bg5 Be7 7. Bxf6 Bxf6 8. Nd5 Be6 9. c4 0-0 10. Ne2 Nd4 11. 0-0 g6 12. Nxd4 cxd4 13. f4 Bxd5 14. cxd5 exf4 15. gxf4 Rc8 16. Qd2 Bg7 17. Rac1 Qh4 18. Qf2 Qxf2+ 19. Kxf2 Bh6 20. Kf3 f5 21. Rxc8 Rxc8 22. exf5 gxf5 23. Bh3 Rc2 24. Rf2 1/2-1/2